| 000 | 00997cam a22002531a 4500 | ||
|---|---|---|---|
| 003 | SA-RiAUC | ||
| 005 | 20150408114026.0 | ||
| 008 | 090220s2010 jo f 000 0 ara c | ||
| 020 | _a9789957003654 | ||
| 040 |
_amu _bara _cmb |
||
| 082 | 0 | 4 |
_a362.4 _221 |
| 100 | 1 |
_aالغرير، أحمد نايل _911708 |
|
| 245 | 1 | 2 |
_aالتأهيل المهني للأشخاص المعوقين = _bVocational rehabilitation for handicapped / _cتأليف أحمد نايل الغرير، محمد عبد الرحمن يوسف. |
| 246 | 3 | 1 | _aVocational rehabilitation for handicapped |
| 250 | _aط. 1. | ||
| 260 |
_aعمان، الأردن : _bدار الشروق للنشر والتوزيع، _c2010 |
||
| 300 |
_a264 ص. ؛ _c24 سم. |
||
| 650 | 7 |
_aالمعوقون _xإعادة تأهيل _2aucsh _911709 |
|
| 650 | 7 |
_aالمعوقون _xرعاية _2aucsh |
|
| 700 | 1 |
_aيوسف، محمد عبد الرحمن محمود _911710 |
|
| 910 | _aTiibah_H | ||
| 942 |
_2ddc _cBOOK |
||
| 999 |
_c22401 _d256901 |
||